Quizzes
Events
Quiz Creation
Community
Videos
Private Events
Remove Ads
Sign In
Join for FREE
Feedback
Dark Mode
Quiz Categories
Sports
Geography
Music
Movies
Television
Just For Fun
Miscellaneous
History
Literature
Language
Science
Gaming
Entertainment
Religion
Holiday
For Kids
Quiz Lab
Recent
Popular Today
Quiz Kudos Today
Editor Picks
Curator Picks
Quizzes by...
Day
Popularity
Type
Ratings
Length
Year
Community
Subscriptions
Recent Discussions
Orange Saloon
Badges
Playlists
Quests
Create
Leaderboards
Showdown
Live 5
Trivia Bingo
Activity
Puzzle Library
Sporcle Events
Private Events
Virtual Trivia
Globe League
Become a Host
Pub Owners
SporcleCon
Opinionation
Our Games
Videos
Blog
Mobile Apps
Partnerships
Remove Ads and Go Orange
Feedback
Sports
Athletes
MLB
NBA
NHL
NFL
Soccer
Sports Teams
WWE
NCAA
Football
Premier League
Basketball
Baseball
Hockey
Golf
Tennis
Cricket
Rugby
Auto Racing
Olympics
World Cup
Sports
Athletes
MLB
NBA
NHL
NFL
Soccer
Sports Teams
WWE
NCAA
Football
Premier League
Basketball
Baseball
Hockey
Golf
Tennis
Cricket
Rugby
Auto Racing
Olympics
World Cup
Random Quiz
Search Sporcle
×
Quiz Lab
Quiz Lab
Sports
Basketball
Type in answers that appear in a list
Type in answers that appear in a list
Classic
Best Score? Go Orange.
French Basketball champions and runners-up Stats
Can you name the national champion teams and their runners-up since French championship became professional?
By
Piou
5m
54 Questions
253 Plays
253 Plays
253 Plays
Comments
Comments
Give Quiz Kudos
Give Quiz Kudos
-
- Ratings
hide this ad
Replay
Link that replays current quiz
Next Quiz
Link to next quiz in quiz playlist
You Got
0%
They Got
Avg Score
88%
Avg Friend Score
Upgrade to see
Score Distribution
Jump to the score distribution portion of the page
Score
0/54
Timer
05:00
0
Plays Today
Year
Team
% Correct
Champion
ASVEL Lyon-Villeurbanne
97.6%
Champion
Adecco ASVEL
97.6%
Runner-
up
Adecco ASVEL
97.6%
Runner-
up
Adecco ASVEL
97.6%
Runner-
up
ASVEL
97.6%
Runner-
up
ASVEL
97.6%
Runner-
up
ASVEL
97.6%
Runner-
up
ASVEL
97.6%
Champion
EB Pau-Orthez
95.6%
Champion
EB Pau-Orthez
95.6%
Champion
EB Pau-Orthez
95.6%
Champion
EB Pau-Orthez
95.6%
Champion
EB Pau-Orthez
95.6%
Champion
EB Pau-Orthez
95.6%
Champion
EB Pau-Orthez
95.6%
Runner-
up
EB Pau-Orthez
95.6%
Runner-
up
EB Pau-Orthez
95.6%
Runner-
up
EB Pau-Orthez
95.6%
Runner-
up
EB Pau-Orthez
95.6%
Champion
Strasbourg IG
95.2%
Champion
Limoges CSP
95.2%
Runner-
up
Strasbourg IG
95.1%
Runner-
up
Strasbourg IG
94.7%
Champion
Limoges CSP
94.4%
Champion
Limoges CSP
94.4%
Champion
Limoges CSP
94.4%
Champion
Limoges CSP
94.4%
Year
Team
% Correct
Champion
Limoges CSP
94.4%
Champion
Limoges CSP
94.4%
Runner-
up
Limoges CSP
94.4%
Runner-
up
Limoges CSP
94.4%
Runner-
up
Limoges CSP
94.4%
Champion
Paris SG Racing
90.5%
Champion
SLUC Nancy
88.5%
Champion
SLUC Nancy
88.5%
Runner-
up
SLUC Nancy
88.5%
Runner-
up
SLUC Nancy
88.5%
Runner-
up
SLUC Nancy
88.5%
Champion
Le Mans SB
82.9%
Runner-
up
Le Mans SB
82.9%
Runner-
up
Le Mans SB
82.9%
Champion
Cholet Basket
82.5%
Runner-
up
Cholet Basket
82.5%
Runner-
up
Cholet Basket
82.5%
Champion
JSF Nanterre
82.1%
Champion
ES Chalonnais
77.4%
Champion
Chorale Roanne
75%
Runner-
up
Chorale Roanne
75%
Champion
Olympique Antibes
72.2%
Champion
Olympique Antibes
72.2%
Runner-
up
Olympique Antibes
72.2%
Runner-
up
Olympique Antibes
72.2%
Runner-
up
Gravelines-Dunkerque
70.6%
Runner-
up
Entente Orléans Loiret
56.7%
Quiz Playlist
Details
Report
Send in Message
Add To Playlist
Classic:
Type in answers that appear in a list
Quiz Source
Last Updated: Feb 16, 2017
Quiz Scoreboard
CHALLENGE
Sign Up to Join the Scoreboard
Show All
Scores
Hide
Comments
May contain spoilers
Recently Published
Presidents Visiting Landmarks
by Hejman
History
7m
An Introduction to Baseball
by treessimontrees
Sports
5m
Movies - When Are They Set?
by FPL_Elf
Movies
5m
More to Explore
Quiz From the Vault
Featured Blog Post
Where Did the Easter Bunny Come From?
hide this ad
You Might Also Like...
Tags
Basketball Quiz
French Quiz
became
champion
Championship
national
professional
Runners-up
team
Today's Top Quizzes in Sports
Browse Sports
hide this ad
Today's Top Quizzes in Basketball
Browse Basketball
Top Contributed Quizzes in Sports
1
Les meilleurs buteurs des matchs entre le PSG et l’OM
2
2022 World Cup Stars
3
FIFA Club World Cup Champions
4
Les entraîneurs de l'OM et du PSG au 21e siècle
5
Name the Premier League winners with different clubs
6
5-to-1: UK Sports Teams
7
La finale Lions - Afrique du Sud 2021
8
Criteria MLB: Left Handed Sluggers
9
AFC Teams Reveal (Wrong Answers Minefield)
10
England Test cricketers to play under Nasser Hussain
Explore More
Trending Topics
Anime
Kpop
Harry Potter
NBA
Disney
Crossword
Marvel
NFL
The Office
Song
WWE
Pokémon
Country
Puzzle
Soccer
hide this ad
More By:
Piou
Quiz
Plays
Rating
Category
Featured
Created
A big journey in French History
407
4.20
History
Nov 8, 2012
French Basketball champions and runners-up
253
5.00
Sports
Nov 12, 2012
Go to Creator's Profile
Score Distribution
Quiz Creator Spotlight
Piou
Follow
Send a Message
Quizzes Created
-
Created Quiz Play Count
-
More By This Creator
Popular Quizzes Today
1
Find the US States - No Outlines Minefield
2
Find the Countries of Europe - No Outlines Minefield
3
The Countries of the World
4
Find the US States
5
Popular People in 1961
6
US States
7
Risky Map Clicking: Biggest States A-Z
8
Movies - When Are They Set?
More Sports Quizzes
Anything but the National League
Published
Trending Quizzes
Risky Map Clicking: Least Populous States A-Z
1-10 Letter G Words
1-10 Letter F Words
Risky Map Clicking: Next State Alphabetically
Risky Map Clicking: Biggest States A-Z
Recently Updated
Leaping Animals
pecheneg
Reality TV Shows (A-Z)
bhenderson79
Rickey Henderson's Hall of Fame Teammates
pecheneg
Champions League XIs: Arsenal
pecheneg
Quick Pick: Celebrities in WWE's Hall of Fame
aduchscher
A-Z Keypad Blitz II
pecheneg
Multiple Oscar Actors
pecheneg
Mystery Phrase Blitz: Oscar 'Best Actors'
pecheneg
F. Scott Fitzgerald Novels
LTH
Pick 3 Villains
ddd62291
Trending Topics
Crossword
Anime
Disney
NBA
Harry Potter
Kpop
Marvel
Soccer
Song
WWE
NFL
Puzzle
The Office
Country
Pokémon
Your Account Isn't Verified!
In order to create a playlist on Sporcle, you need to verify the email address you used during registration. Go to your
Sporcle Settings
to finish the process.
Report this User
Report this user for behavior that violates our
Community Guidelines
.
Details:
Send Report
Go to the Sporcle.com Mobile Site →
Comments